00613 2200229 4500001002100000005001700021008004100038020001800079035002400097090001500121100002300136245004800159250000900207260004900216300003000265500001100295650002600306850001500332980001500347985000600362999001500368YOGYA-0209000002304020090227023732.0 ind  a0-534-03831-X 0010-020900000023040 a337bCar I aCARBAUGH, Robert J aInternational EconomicscRobert J. Carbaugh a2 nd aBelmontbWad wortes Publishing Companyc1985 axii, 349 hlmbilusc23 cm aIndeks aEkonomi internasional aYOPDYOG(B) a02-04-2007 a1 a06A0020407